000 00875nam a2200253Ia 4500
001 21981
005 20260320113331.0
008 260320s9999||||xx |||||||||||||| ||und||
020 _a9781422105764
041 _aING
082 _a658.4092
_bH36
100 _aHeifetz, Ronald,
_eAUT
245 4 _aThe practice of adaptive leadership :
_btools and tactics for changing your organization and the world
246 _a
_5
_b
260 _aBoston :
_bHarvard Business Press,
_c2024
300 _axvi, 326 páginas :
_bfiguras ;
_c24 cm.
_e
440 _a
_n
_v
650 _aTCA
653 _aAdministración; Gerencia ejecutiva; Liderazgo ejecutivo
654 _aCAN
700 _aGrashow, Alexander; Linsky, Marty,
_cAUTS
856 _uhttps://ebooks7-24-com.ucsp.lookproxy.com/stage.aspx?il=&pg=&ed=
_zVéase además: Base de datos Ebook7-24
942 _cLIB
_dJUS
_fTRC
_2ddc
_n
999 _c21981
_d21981